Intelektualizace práce a její projevy v sociálně ekonomickém rozvoji

Guardado en:
Detalles Bibliográficos
Formato: Libro
Lenguaje:checo
Publicado: Praha Ústřední ústav národohospodářského výzkumu 1989
Edición:1. vyd.
Etiquetas: Agregar Etiqueta
Sin Etiquetas, Sea el primero en etiquetar este registro!

MARC

LEADER 00000nam a2200000 4500
001 c039421
005 20221215120046.3
041 0 |a cze 
044 |a CZ 
245 1 0 |a Intelektualizace práce a její projevy v sociálně ekonomickém rozvoji 
250 |a 1. vyd. 
264 1 |a Praha  |b Ústřední ústav národohospodářského výzkumu  |c 1989 
300 |a 111 s.